000 00425nam a2200145Ia 4500
008 220217s9999||||xx |||||||||||||| ||und||
020 _a9788122414677
082 _a621.815 JUN
100 _aJuneja B.L and others
245 0 _aFundamentals of metal cutting and machine tools
250 _a2nd
260 _aNew age international pvt. Ltd.
_bNew Delhi
_c2017
300 _aXII, 614p.
_b399
650 _aMACHINE TOOLS
999 _c187481
_d187481